| 000 | 00465nam a2200169 a 4500 | ||
|---|---|---|---|
| 001 | 2618 | ||
| 003 | CO-ViMGA | ||
| 008 | 141112s2004 ck r 000 u spa d | ||
| 040 |
_aCO-ViMGA _bspa _cCO-ViMGA |
||
| 082 | 0 | 4 | _a617.6 H371 |
| 100 | 1 | _aHerazo Acuña, Benjamin | |
| 245 | 1 | 0 |
_aLa odontologia en Colombia : _breseña biográfica |
| 260 |
_aSantafé de Bogotá : _bEcoe, _c1994 |
||
| 300 | _a103 p | ||
| 650 | 1 | 4 |
_aODONTOLOGIA COLOMBIANA _951622 |
| 942 |
_2ddc _cBK |
||
| 999 |
_c14693 _d14693 |
||